| 000 | 00825cam a22002653a 4500 | ||
|---|---|---|---|
| 001 | 13520 | ||
| 003 | PGUSA | ||
| 005 | 20140828083306.0 | ||
| 008 | 040924s2004||||xxu|||||s|||||000 | eng d | ||
| 040 |
_aPGUSA _beng |
||
| 042 | _adc | ||
| 050 | 4 | _aPN | |
| 245 | 1 | 0 |
_aLibrary of the World's Best Literature, Ancient and Modern — Volume 5 _h[electronic resource] |
| 260 |
_bProject Gutenberg, _c2004 |
||
| 506 | _aPublic domain in the USA. | ||
| 516 | _aElectronic text | ||
| 653 | _aLiterature -- Collections | ||
| 700 | 1 |
_aMabie, Hamilton Wright, _d1846-1916 |
|
| 700 | 1 |
_aWarner, George H., _d1833-1919 |
|
| 700 | 1 |
_aWarner, Charles Dudley, _d1829-1900 |
|
| 700 | 1 |
_aRunkle, Lucia Isabella Gilbert, _d1844- |
|
| 830 | 0 |
_aProject Gutenberg _v13520 |
|
| 856 | 4 | 0 | _uhttp://www.gutenberg.org/ebooks/13520 |
| 942 | _cEB | ||
| 999 |
_c242775 _d242775 |
||